|
|
|
|
| LEADER |
00000cam a2200000 7i4500 |
| 001 |
0000007934 |
| 002 |
000008510 |
| 005 |
20000330.0 |
| 020 |
|
|
|a 9839806092
|
| 090 |
0 |
0 |
|a F
|b UJA
|
| 100 |
0 |
|
|a Ujang
|
| 245 |
1 |
0 |
|a Fiona
|c Ujang
|
| 260 |
|
|
|a Kuala Lumpur :
|b Melati Publisher Sdn.Bhd. ,
|c 1993
|
| 300 |
|
|
|a 148p. ;
|c 18cm.
|
| 490 |
0 |
|
|a Klasiknya Cinta
|
| 650 |
0 |
0 |
|a Love stories, Malay
|
| 999 |
|
|
|a 042326
|b BUKU
|c PINJAMAN
|e PERPUSTAKAAN KOMUNITI PETALING JAYA
|
| 999 |
|
|
|a 042327
|b BUKU
|c PINJAMAN
|e PERPUSTAKAAN KOMUNITI PETALING JAYA
|
| 999 |
|
|
|a 042328
|b BUKU
|c PINJAMAN
|e PERPUSTAKAAN KOMUNITI PETALING JAYA
|